Couleurs de Rainbow High - Statistiques

Statistiques générales
  • Ce quiz a été pris 65 fois
  • Le résultat moyen est 20 sur 82
Statistiques - réponses
Hint Réponse % Correct
Skyler Bradshaw Bleu
100%
Poppy Rowan Orange
100%
Ruby Anderson Rouge
100%
Jade Hunter Vert
100%
Sunny Madison Jaune
98%
Violet Willow Violet
98%
Améthyst Rae Violet
98%
Priscilla Perez Flamant Rose
74%
Minnie Choi Lavande Rose
74%
Finn Rosado Or Rose
74%
Bella Parker Rose
74%
Daria Roselyn Rouge-Rose
74%
Heather Grayson Gris
72%
Lyric Lucas Arc-en-Ciel et Noir
64%
Ayesha Sterling Argenté et Blanc
62%
Amaya Raine Arc-en-Ciel
55%
Carmen Major Arc-en-Ciel
55%
Blue Skye Bleu Ciel
34%
Lila Yamamoto Mauve
28%
Eliza McFee Bleu Clair
26%
Stella Monroe Fuschia
26%
Victoria Whitman Rose Blush Clair
26%
Demi Batista Violet Foncé
21%
Vanessa Tempo Arc-en-Ciel et Bleu Foncé
19%
Ash Silverstone Argent
19%
Jett Dawson Multicolor
19%
Maria Garcia Multicolor
19%
Avery Styles Holographique
17%
Krystal Bailey Indigo
17%
Daphne Minton Menthe
17%
Georgia Bloom Pêche
17%
Mila Berrymore Bordeaux
15%
Shanelle Onyx Onyx
15%
Brianna Dulce Rose Bonbon
15%
Karma Nichols Vert Néon
15%
Harley Limestone Vert Néon
15%
Rainbow Dream Arc-en-Ciel Néon
13%
Kia Hart Arc-en-Ciel Pastel
13%
Uma Van Hoose Bleu Néon
13%
Meline Luxe Doré
13%
Marisa Golding Noir et Doré
13%
Michelle St. Charles Orange Néon
13%
Mara Pinkett Rose Néon
13%
Jewel Richie Émeraude
11%
Tiara Song Lila
11%
Olivia Woods Vert Olive
11%
Margot de Perla Opale
9%
Pixie Rose Rose Pink
9%
Gabriella Icely Bleu Glace
6%
Phaedra Westward Couché de Soleil
6%
Simone Summers Levé de Soleil
6%
Reina "Glitch" Crowne Minuit
6%
Lola Wilde Rouge Pink
6%
Meena Fleur Safran
6%
River Kendall Sarcelle
6%
Tessa Park Bleu Pervenche
4%
Roxie Grand Diamant
4%
Luna Madison Éclipse
4%
Lily Cheng Lucky Red
4%
Emi Vanda Orchidée
4%
Karla Choupette Rose Glacé
4%
Harper Dune Sable
4%
Nicole Steel Titane
4%
Zooey Electra Vert Écume de Mer
4%
Aiden Russel Violet Nacré
4%
Natasha Zima Blanc Colombe
2%
Dia Mante Blanc Iridescent
2%
Coco Vanderbalt Bleu de Cobalt
2%
Robin Sterling Bleu d'oeuf de Merle
2%
Kim Nguyen Bleu Jean
2%
Delilah Fields Buttercup
2%
Hali Capri Capri
2%
Rexx McQueen Charbon
2%
Laurel De'Vious Couleurs Chaudes
2%
Holly De'Vious Couleurs Froides
2%
Ainsley Slater Iridescent
2%
Naomi Storm Noir et Violet Huilés
2%
Sabrina St. Cloud Rose Quartz
2%
Paris Hilton Rose Vif
2%
Sheryl Meyers Souci
2%
Véronica Storm Violet et Noir Huilés
2%
Monique Verbena Violet Iridescent
2%
Aucun quiz correspondant
Distribution des résultats
% des personnes avec chaque résultat
Percentile par nombre de réponses
Votre historique - résultats
Vous n’avez pas pris ce quiz